Responses for Show #7088 - Wednesday, June 10, 2015

Contestants

[<< previous game]

Darren Harris-Fain, an English professor from Prattville, Alabama

Martha Holland, a school administrator from Newtown, Pennsylvania

Phil Arevalo, a Ph.D. candidate in microbiology originally from Springfield, Virginia (whose 1-day cash winnings total $23,600)

[next game >>]

Jeopardy! Round responses

VIDEO & FILM
KANSAS
WORDS THAT SHOULD RHYME
(Alex: "Silo" and "kilo" is an example.)
TOYS & GAMES
DISCOVERIES
I PLAYED HIM IN THE RECENT MOVIE
    $200 1
(Phil: What is white noise?)

ambient

Phil
Triple Stumper
    $200 25
a tornado

Darren
    $200 13
shovel & novel

Darren
    $200 19
Monopoly

Phil
    $200 4
(Alex: Claimed to have discovered [*]. Darren, pick again.)
[NOTE: Alex gave control to Darren erroneously; it was still Phil's turn to select.]

the North Pole

Triple Stumper
    $200 7
Martin Luther King

Phil
    $400 2
(Alex: Phil, you want to stick with that category?)
(Phil: Sure, we'll go with VIDEO & FILM for $600.)

a martini shot

Triple Stumper
    $400 26
the (geographic) center of the U.S.

Darren
    $400 14
vein & stein

Darren
    $400 20
G.I. Joe

Phil
    $400 5
diamond

Darren
    $400 8
(Stephen) Hawking

Darren
    $600 3
(Darren: What are credits?)

B-roll

Darren
Triple Stumper
    $600 27
(Phil: What's Wichita?)

Lawrence

PhilDarren
    $600 15
asp & wasp

Phil
    $600 21
a View-Master

Darren
    $600 6
(John) Sutter

Darren
    $600 9
(Darren: Who is George V?)
(Martha: Who is Edward... VII?)

Edward VIII

MarthaDarren
Triple Stumper
    $800 24
(Darren: What is a long shot?)
...
(Alex: We have less than a minute now.)

a high-angle shot

Darren
Triple Stumper
    $800 28
playwright

Triple Stumper
    $800 16
ballet & mallet

Darren
    $800 22
My Little Pony

Phil
    $1,500 12
(Darren: What is Ebola?)

the West Nile virus

Darren
    $800 10
(Alan) Turing

Darren
    $1000 29
[The end-of-round signal sounds.]

the Dalton Gang

Triple Stumper
    $1000 17
pirate & irate

Martha
    $1000 23
the Magic 8 Ball

Phil
    $1000 18
Machu Picchu

Darren
    $1000 11
Chris Kyle

Darren

Scores at the first commercial break (after clue 12):

Phil Martha Darren
$0 -$600 $500

Scores at the end of the Jeopardy! Round:

Phil Martha Darren
$2,400 $400 $3,900

Double Jeopardy! Round responses

20th CENTURY BOOKS
NUMERICAL TV
STONES
WESTERN HEMISPHERE RIVERS
KING ARTHUR
"WORK" IT!
    $400 1
Gone with the Wind

Darren
    $400 8
Are You Smarter Than a 5th Grader?

Darren
    $400 21
-lithic

Phil
    $400 30
Belize

Triple Stumper
    $400 16
Saxons

Martha
    $400 2
a workhorse

Darren
    $800 7
(E.B.) White

Phil
    $800 12
That '70s Show

Darren
    $800 22
Stonehenge

Martha
    $2,700 29
the Ohio

Darren
    $800 17
Uther Pendragon

Phil
    $800 3
a workstation

Darren
    $1200 9
Deep Thoughts

Triple Stumper
    $1200 13
Reno 911!

Phil
    $1200 23
Mary Magdalene

Martha
    $1200 28
Río de la Plata

Darren
    $1200 18
Mordred

Darren
    $1200 4
workfare

Darren
    $1600 10
Philip Pullman

Darren
    $1600 14
8 Simple Rules for Dating My Teenage Daughter

Phil
    $1600 24
stonewall

Phil
    $1600 27
the Arkansas River

Triple Stumper
    $3,300 19
(Alex: [Before Darren's wager] And you're on a roll, Darren. You've been on cruise control.)

Avalon

Darren
    $1600 5
(Martha: What is worked out?)

a working class hero

Martha
Triple Stumper
    $2000 11
Black Like Me

Darren
    $2000 15
Adam-12

Darren
    $2000 25
malachite

Phil
    $2000 26
(Darren: What is Superior?)

Lake of the Woods

Darren
Triple Stumper
    $2000 20
Perilous

Darren
    $2000 6
work release

Martha

Scores at the end of the Double Jeopardy! Round:

Phil Martha Darren
$10,800 $3,200 $21,900
(lock game)

[wagering suggestions for these scores]

Final Jeopardy! Round responses

HISTORIC QUOTES
(Alex: [To Martha] After Reagan, of course, President Carter signed a treaty and gave the canal back to Panama.)
MarthaWhat is the Panama Canal?
$0
PhilWhat is the i
$0
DarrenWhat is the Panama Canal?
$100
the Panama Canal

Final scores:

Phil Martha Darren
$10,800 $3,200 $22,000
2nd place: $2,000 3rd place: $1,000 New champion: $22,000

Game dynamics:

Coryat scores:

Phil Martha Darren
$10,800 $3,200 $19,800
13 R,
2 W
5 R,
2 W
27 R
(including 2 DDs),
5 W
(including 1 DD)

Combined Coryat: $33,800

[game clues] [game scores] [suggest correction]

Game tape date: Unknown
The J! Archive is created by fans, for fans. Scraping, republication, monetization, and malicious use prohibited; this site may use cookies and collect identifying information. See terms. The Jeopardy! game show and all elements thereof, including but not limited to copyright and trademark thereto, are the property of Jeopardy Productions, Inc. and are protected under law. This website is not affiliated with, sponsored by, or operated by Jeopardy Productions, Inc. Join the discussion at JBoard.tv.